000 00772nam a2200265 i 4500
003 DO-SdBNP
005 20240402112303.0
007 ta
008 240318b2023 dr ac||| |||| 00| 0 spa d
040 _aDo-SdBNP
_bspa
_cBNPHU
_erda
082 4 _bT266
_222
100 _aTejera, Emilio
_910929
_eautor
245 1 0 _aLos dos restos de Cristobal Colon exhumados de la catedral de Santo Domingo en 1795 1877
264 _aSanto Domingo :
_bImpresora Garcia Hermanos,
_c1879.
300 _a111, 34 páginas ;
_c25 cm.
336 _2rdacontent
_atexto
_btxt
337 _2rdamedia
_asin mediación
_bn
338 _2rdacarrier
_avolumen
_bnc
590 _aInventariado, 2024/DG
700 _982506
700 _967048
700 _985057
910 _aDG
942 _2ddc
_cLBS1
999 _c56210
_d56210